000 00210nam a2200085Ia 4500
008 240331s9999 xx 000 0 und d
082 _bNEE
245 0 _aNeelan Thiruchelwam therinda nadalumandra ureigal
942 _cL
999 _c4968
_d4968